000 00513 a2200169 4500
001 068756
003 OSt
005 20220312161743.0
008
082 _a828.91209
_bT57J
245 1 _aJ.R.R. Tolkien
_cedited by Harold Bloom
260 _aRhode Islan
_bChelsea House
_c2000
300 _a174p.
653 _aTolkien, J. R. R. (John Ronald Reuel), 1892-1973; Middle Earth (Imaginary place); Fantasy fiction, English
700 _aBloom, Harold
_eEditor
942 _2ddc
_cBK
999 _c2407
_d2407